Друзей не выбирают: Роман

Λεπτομέρειες βιβλιογραφικής εγγραφής
Κύριος συγγραφέας: Павленок Б. В. борис Владимирович
Άλλοι συγγραφείς: Алексеев М. (автор предисловия)
Περίληψη:Исключено из фонда НТБ ТПУ
Γλώσσα:Ρωσικά
Έκδοση: Москва, Молодая гвардия, 1982
Μορφή: Βιβλίο
KOHA link:https://koha.lib.tpu.ru/cgi-bin/koha/opac-detail.pl?biblionumber=146714

MARC

LEADER 00000nam0a2200000 4500
001 146714
005 20231031144739.0
020 |a RU  |b 82-17589 
035 |a (RuTPU)RU\TPU\book\159040 
090 |a 146714 
100 |a 20081101d1982 m y0rusy5003 ca 
101 0 |a rus 
102 |a RU 
105 |a y z 000ay 
200 1 |a Друзей не выбирают  |e Роман  |f Б. В. Павленок  |g авт. предисл. М. Алексеев 
210 |a Москва  |c Молодая гвардия  |d 1982 
215 |a 352 с. 
333 |a Исключено из фонда НТБ ТПУ 
700 1 |a Павленок  |b Б. В.  |g борис Владимирович 
702 1 |a Алексеев  |b М.  |4 080 
801 0 |a RU  |b RuMRKP  |c 19950704  |g psbo 
801 1 |a RU  |b 63413507  |c 20081101  |g PSBO 
801 2 |a RU  |b 63413507  |c 20220602  |g PSBO 
942 |c BK